|
|
|
|
| LEADER |
00957nam a22002057a 4500 |
| 008 |
150331b xxu||||| |||| 00| 0 eng d |
| 999 |
|
|
|c 10632
|d 10632
|
| 020 |
|
|
|a 9789788176381
|
| 082 |
|
|
|a R 403
|b NAY
|
| 100 |
|
|
|a നായത്തോട്, ജേക്കബ്
|
| 240 |
|
|
|a Padhavivaravijnanakosham
|
| 245 |
|
|
|a പദവിവരവിജ്ഞാനകോശം /
|c ജേക്കബ് നായത്തോട്
|
| 250 |
|
|
|a 1st ed.
|
| 260 |
|
|
|a തിരുവനന്തപുരം :
|b കേരള ഭാഷാ ഇന്സ്റ്റിറ്റ്യൂട്ട്,
|c 2011.
|
| 300 |
|
|
|a 840p.
|
| 650 |
|
|
|a Encyclopaedia
|
| 650 |
|
|
|a പദവിവരവിജ്ഞാനകോശം
|
| 700 |
|
|
|a Nayathodu, Jacob
|
| 942 |
|
|
|2 ddc
|c BK
|
| 952 |
|
|
|0 0
|1 0
|2 ddc
|4 0
|6 R_403_000000000000000_NAY
|7 0
|9 15092
|a MAIN
|b MAIN
|d 2015-03-31
|e Kerala Bhasha Institute, TVM
|g 400.00
|o R 403 NAY
|p 15220
|r 2015-03-31
|t 1
|w 2015-03-31
|y BK
|